История всеобщей литературы XVIII века. Т. 2: Французская литература в XVIII веке (Запись № 4781556)

Подробности
000 -МАРКЕР
контрольное поле 01893nam2a22003251 4500
001 - ИДЕНТИФИКАТОР ЗАПИСИ
контрольное поле v19\rc\1600148
005 - ИДЕНТИФИКАТОР ВЕРСИИ
контрольное поле 20250619051508.0
035 ## - ДРУГИЕ СИСТЕМНЫЕ НОМЕРА
Идентификатор записи (NLR Aleph) 004836978
100 ## - ДАННЫЕ ОБЩЕЙ ОБРАБОТКИ
Данные общей обработки 20061002g18971898|||y0rusy50 ca
101 1# - ЯЗЫК РЕСУРСА
Язык текста, звукозаписи и т.д. русский
Язык оригинала немецкий
102 ## - СТРАНА ПУБЛИКАЦИИ ИЛИ ПРОИЗВОДСТВА
Страна публикации Российская Федерация
105 ## - ПОЛЕ КОДИРОВАННЫХ ДАННЫХ: ТЕКСТОВЫЕ МАТЕРИАЛЫ, МОНОГРАФИЧЕСКИЕ
Кодированные данные о монографическом текстовом документе y z |||||
200 1# - ЗАГЛАВИЕ И СВЕДЕНИЯ ОБ ОТВЕТСТВЕННОСТИ
Основное заглавие Французская литература в XVIII веке
Первые сведения об ответственности Пер. А.Н. Пыпина
210 ## - ПУБЛИКАЦИЯ, РАСПРОСТРАНЕНИЕ И ДР.
Дата издания, распространения и т.д. 1897 (обл. 1898)
Место издания, распространения и т.д. Б. м.
215 ## - ФИЗИЧЕСКАЯ ХАРАКТЕРИСТИКА
Специфическое обозначение материала и объем [2], IV, XLVIII, 530 с.
327 0# - ПРИМЕЧАНИЯ О СОДЕРЖАНИИ
Текст примечания С. I-XLVIII 2-й паг.: "Германн Геттнер" [Биогр. очерк] / А. Пыпин
461 #0 - УРОВЕНЬ НАБОРА
Встроенное поле 001v19\rc\1600146
-- 2001#$aИстория всеобщей литературы XVIII века$vТ. 2
-- 700#1$aГеттнер$bГ.Т.$f1821-1882$gГерман Теодор$9z01790
Системный номер (АБИС) связанной записи 4781538
Автор Геттнер, Г.Т. (1821-1882)
Место публикации Санкт-Петербург
Дата публикации 1896 (обл. 1898)-1897 (обл. 1898)-1897
Издание 2-е изд., пересмотренное и доп. по послед. 5-му изд. подлинника. Т. 1-
Имя издателя, распространителя и т.д. О.Н. Попова
Заглавие История всеобщей литературы XVIII века
Номер тома Т. 2
464 #0 - АНАЛИТИЧЕСКИЙ УРОВЕНЬ
Встроенное поле 2001#$aГерманн Геттнер$eБиогр. очерк$fА. Пыпин
-- 215##$aС. I-XLVIII 2-й паг.
-- 700#1$aПыпин$bА.Н.$f1833-1904$gАлександр Николаевич
Заглавие Германн Геттнер
Автор Пыпин, Александр Николаевич (1833-1904)
532 11 - РАСШИРЕННОЕ ЗАГЛАВИЕ
Заглавие Французская литература в восемнадцатом веке
702 #1 - ИМЯ ЛИЦА - ВТОРИЧНАЯ ОТВЕТСТВЕННОСТЬ
Начальный элемент ввода Пыпин
Часть имени, кроме начального элемента ввода А.Н.
Даты 1833-1904
Расширение инициалов личного имени Александр Николаевич
Код отношения Переводчик
801 #0 - ИСТОЧНИК ЗАПИСИ
Страна Российская Федерация
Организация NLR
Правила каталогизации psbo
801 #1 - ИСТОЧНИК ЗАПИСИ
Страна Российская Федерация
Организация ProSoft-M
Источник данных rusmarc
852 ## - МЕСТОНАХОЖДЕНИЕ И ШИФР ХРАНЕНИЯ
Идентификатор организации NLR
Шифр хранения (Call Number) 20.94.2.41(2)
852 ## - МЕСТОНАХОЖДЕНИЕ И ШИФР ХРАНЕНИЯ
Идентификатор организации NLR
Шифр хранения (Call Number) 130/5752(2)
852 ## - МЕСТОНАХОЖДЕНИЕ И ШИФР ХРАНЕНИЯ
Идентификатор организации NLR
Шифр хранения (Call Number) 20.94.2.41
852 ## - МЕСТОНАХОЖДЕНИЕ И ШИФР ХРАНЕНИЯ
Идентификатор организации NLR
Шифр хранения (Call Number) 130/5752
852 ## - МЕСТОНАХОЖДЕНИЕ И ШИФР ХРАНЕНИЯ
Идентификатор организации NLR
Наименование фонда или коллекции (Sub-Location Identifier) Мф
Шифр хранения (Call Number) К-1/4324
942 ## - ДОПОЛНИТЕЛЬНЫЕ ЭЛЕМЕНТЫ ЗАПИСИ (АБИС)
Тип экземпляра АБИС Книга
980 ## - КОЛЛЕКЦИЯ
Название коллекции Национальная библиография
Экземпляры
Тип экземпляра Дата поступления Библиотека постоянного хранения Библиотека текущего хранения Место хранения Шифр хранения Штрих-код Статус экземпляра
Книга 26.10.2013 РНБ (Московский) РНБ (Московский) Фонд микроформ Мф К-1/4324 4836978-50  
Книга 26.10.2013 РНБ (Садовая) РНБ (Садовая) Русский книжный фонд -Главное здание, Ленинский читальный зал 20.94.2.41(2) 1-3942203  
Книга 26.10.2013 РНБ (Садовая) РНБ (Садовая) Русский книжный фонд -Главное здание, Ленинский читальный зал 130/5752(2) 4836978-20  
Книга 26.10.2013 РНБ (Садовая) РНБ (Садовая) Русский книжный фонд -Главное здание, Ленинский читальный зал 20.94.2.41 4836978-30  
Книга 26.10.2013 РНБ (Садовая) РНБ (Садовая) Русский книжный фонд -Главное здание, Ленинский читальный зал 130/5752 4836978-40